| 000 | 01254nam a2200277 i 4500 | ||
|---|---|---|---|
| 003 | EG-GICUC | ||
| 005 | 20260504103622.0 | ||
| 008 | 260504s2016 ua ||||fr|||| 00| 0 ara d | ||
| 040 |
_aEG-GiCUC _bara _cEG-GiCUC _dEG-GiCUC _eRda |
||
| 082 | 0 | 4 |
_221 _a345.144 _bم ح . م |
| 092 | 0 | 4 | _221 |
| 099 | _aLaw1 07 345.144 م ح . م 2016 | ||
| 110 |
_aالمحكمة الإدارية العليا _eمؤلف. |
||
| 245 |
_aمجموعة المبادئ القانونية قررتها المحكمة الإدارية العليا في السنة السابعة و الخمسين. _nالجزء الثاني: _p(من اول أكتوبر سنة 2011 إلي أخر سبتمبر سنة 2012)/ _cالمحكمة الإدارية العليا. |
||
| 264 | 1 |
_aالقاهرة: _bمطابع الأميرية, _c2016. |
|
| 300 |
_a1461 صفحة ؛ _c 24 سم. |
||
| 336 |
_2rda contenu _a texte |
||
| 337 |
_2rda medias _aOrdinateur |
||
| 338 |
_2 transporteur rda _a Ressource en ligne |
||
| 546 | _aالنص باللغة العربية | ||
| 650 | 1 | _aالقانون الإداري | |
| 650 | 1 | _aالمبادئ العامة للقانون الإداري | |
| 856 | 4 | 0 | _uhttps://fll.law.cu.edu.eg/fulltext/bks/B07-04195.pdf |
| 905 | _a59 | ||
| 942 |
_2ddc _n0 _cBK _e21 |
||
| 999 |
_c75453 _d75453 |
||